000
00315nam a2200121Ia 4500
008
220204s9999 xx 000 0 und d
082
_a
577.218
_b
BON
100
_a
BONNER, John Tyler
245
0
_a
Morphogenesis: An essay on development.
260
_a
Calcutta
_b
Oxford& IBH
650
_a
Morphogenesis
942
_c
BK
999
_c
21143
_d
21143